Statystyki dla 100 największych miast w Nowej Zelandii z mapą

Kliknij tutaj aby rozwiązać quiz!

Ogólne statystyki

  • Ten quiz został rozwiązany 75 razy
  • Średni wynik to 3 z 100

Odpowiedzi na mapie

Odpowiedzi skodowane kolorowo w zielono-czerwonej skali na mapie do tego quizu, zgodnie z poniższymi procentami.
 

Statystyki odpowiedzi

populacjaobejmujemiasto% Poprawnych
418 500Upper Hutt, Lower Hutt, PoriruaWellington
88%
1 638 800Hibiscus Coast, Waiheke Island,
Beachlands, Huapai
Auckland
85%
407 600Kaiapoi, Lyttelton, Prebbleton, WoodendChristchurch
39%
122 000MosgielDunedin
20%
203 100Hamilton
12%
67 500RichmondNelson
10%
63 900Napier
8%
37 200Gisborne
7%
51 200Invercargill
7%
19 540Lake HayesQueenstown
7%
58 800Whangarei
7%
58 300New Plymouth
5%
89 500AshhurstPalmerston North
5%
141 600Papamoa, OmokoroaTauranga
5%
29 100Timaru
5%
9700Greymouth
3%
4350Picton
3%
59 500NgongotahaRotorua
3%
8890Wanaka
3%
5510Alexandra
2%
20 200Ashburton
2%
31 600RenwickBlenheim
2%
5160Cromwell
2%
2500Geraldine
2%
9910Gore
2%
6100Lincoln
2%
2270Mapua
2%
2170Oxford
2%
4370Temuka
2%
3960Westport
2%
40 900Whanganui
2%
2370Winton
2%
2950Arrowtown
0%
3990Balclutha
0%
20 600Cambridge
0%
5320Carterton
0%
5360Dannevirke
0%
2230Darfield
0%
5180Dargaville
0%
2480Featherston
0%
16 850Feilding
0%
4720Foxton
0%
2380Greytown
0%
70 600Havelock NorthHastings
0%
12 150Hawera
0%
3150Helensville
0%
3590Hokitika
0%
8150Huntly
0%
3630Inglewood
0%
4560Kaikohe
0%
2150Kaikoura
0%
5860Kaitaia
0%
42 700Paraparaumu, WaikanaeKapiti Coast
0%
4710Katikati
0%
7080Kawerau
0%
7520Kerikeri
0%
21 200Levin
0%
4950Marton
0%
22 200Masterton
0%
7920Matamata
0%
7870Morrinsville
0%
8450Motueka
0%
6580Ngaruawahia
0%
13 950Oamaru
0%
4320Opotiki
0%
6410Otaki
0%
2750Otorohanga
0%
4410Paeroa
0%
2570Pahiatua
0%
31 400Pukekohe
0%
4100Putaruru
0%
3310Raglan
0%
18 300Rangiora
0%
16 250Rolleston
0%
5040Snells Beach
0%
5740Stratford
0%
4720Taumarunui
0%
24 700Taupo
0%
2140Te Anau
0%
4350Te Aroha
0%
17 500KihikihiTe Awamutu
0%
4640Te Kuiti
0%
8350Te Puke
0%
7350Thames
0%
14 050Tokoroa
0%
3320Turangi
0%
5150Waihi
0%
2220Waihi Beach
0%
2890Waimate
0%
2160Waipawa
0%
4220Waipukurau
0%
4290Wairoa
0%
7040Waitara
0%
9780Waiuku
0%
2360Wakefield
0%
4890Warkworth
0%
2100Wellsford
0%
19 750Ohope BeachWhakatane
0%
3960Whangamata
0%
5080Whitianga
0%

Rozkład punktacji

Percentyl według liczby udzielonych odpowiedzi

Procent ludzi z każdym wynikiem

Twoja historia wyników

Nie rozwiązałeś tego quizu